000 00492nam a22001937a 4500
003 MPLRDC
005 20220104153841.0
008 210129b ||||| |||| 00| 0 eng d
020 _a967-985-579-1
082 _a083.6 SQXL v.2
100 _a刘兵兵、小沿等著
245 _a校园趣卜BOOK
_c
250 _a初版
260 _a
_b立腾出版有限公司
_c1997
300 _b
490 _a生趣系列. 2
650 _a现代丛书--通俗用
942 _cBK
_o083.6 SQXL v.2
999 _c53652
_d53642